Map Hunter - US Cities - Statistics

General Stats
  • This quiz has been taken 86,421 times
  • The average score is 38 of 60
Answers on the Map
Answers color-coded by a green-red scale on the quiz's map according to % correct below.
 
Answer Stats
City Answer % Correct
Atlanta Atlanta Ballpark
95%
Austin Austin Ballpark
95%
Boise Boise Ballpark
95%
Chicago Chicago Ballpark
95%
Dallas Dallas Ballpark
95%
Denver Denver Ballpark
95%
Des Moines Des Moines Ballpark
95%
El Paso El Paso Ballpark
95%
Honolulu Honolulu Ballpark
95%
Houston Houston Ballpark
95%
Las Vegas Las Vegas Ballpark
95%
Milwaukee Milwaukee Ballpark
95%
Nashville Nashville Ballpark
95%
Newark Newark Ballpark
95%
New Haven New Haven Ballpark
95%
New Orleans New Orleans Ballpark
95%
New York New York Ballpark
95%
Orlando Orlando Ballpark
95%
Philadelphia Philadelphia Ballpark
95%
Phoenix Phoenix Ballpark
95%
Pittsburgh Pittsburgh Ballpark
95%
Providence Providence Ballpark
95%
Salt Lake City Salt Lake City Ballpark
95%
San Antonio San Antonio Ballpark
95%
San Diego San Diego Ballpark
95%
Seattle Seattle Ballpark
95%
Tucson Tucson Ballpark
95%
Tulsa Tulsa Ballpark
95%
Washington Washington Ballpark
95%
Akron Akron Ballpark
94%
Albuquerque Albuquerque Ballpark
94%
Amarillo Amarillo Ballpark
94%
Baltimore Baltimore Ballpark
94%
Baton Rouge Baton Rouge Ballpark
94%
Birmingham Birmingham Ballpark
94%
Boston Boston Ballpark
94%
Bridgeport Bridgeport Ballpark
94%
Buffalo Buffalo Ballpark
94%
Cedar Rapids Cedar Rapids Ballpark
94%
Charleston Charleston Ballpark
94%
Charlotte Charlotte Ballpark
94%
Chattanooga Chattanooga Ballpark
94%
Chula Vista Chula Vista Ballpark
94%
Cincinnati Cincinnati Ballpark
94%
Colorado Springs Colorado Springs Ballpark
94%
Columbus Columbus Ballpark
94%
Corpus Christi Corpus Christi Ballpark
94%
Dayton Dayton Ballpark
94%
Detroit Detroit Ballpark
94%
Durham Durham Ballpark
94%
Fort Worth Fort Worth Ballpark
94%
Fresno Fresno Ballpark
94%
Gainesville Gainesville Ballpark
94%
Grand Rapids Grand Rapids Ballpark
94%
Honolulu Far
94%
Indianapolis Indianapolis Ballpark
94%
Jackson Jackson Ballpark
94%
Jacksonville Jacksonville Ballpark
94%
Jersey City Jersey City Ballpark
94%
Kansas City Kansas City Ballpark
94%
Knoxville Knoxville Ballpark
94%
Lexington Lexington Ballpark
94%
Lincoln Lincoln Ballpark
94%
Little Rock Little Rock Ballpark
94%
Long Beach Long Beach Ballpark
94%
Los Angeles Los Angeles Ballpark
94%
Louisville Louisville Ballpark
94%
Lubbock Lubbock Ballpark
94%
Memphis Memphis Ballpark
94%
Miami Miami Ballpark
94%
Minneapolis Minneapolis Ballpark
94%
Montgomery Montgomery Ballpark
94%
Norfolk Norfolk Ballpark
94%
Oakland Oakland Ballpark
94%
Oklahoma City Oklahoma City Ballpark
94%
Palm Bay Palm Bay Ballpark
94%
Plano Plano Ballpark
94%
Portland Portland Ballpark
94%
Raleigh Raleigh Ballpark
94%
Reno Reno Ballpark
94%
Richmond Richmond Ballpark
94%
Rochester Rochester Ballpark
94%
Sacramento Sacramento Ballpark
94%
Saint Paul Saint Paul Ballpark
94%
San Francisco San Francisco Ballpark
94%
San Jose San Jose Ballpark
94%
Santa Ana Santa Ana Ballpark
94%
Savannah Savannah Ballpark
94%
Sioux Falls Sioux Falls Ballpark
94%
St. Louis St. Louis Ballpark
94%
Syracuse Syracuse Ballpark
94%
Tallahassee Tallahassee Ballpark
94%
Tampa Tampa Ballpark
94%
Toledo Toledo Ballpark
94%
Virginia Beach Virginia Beach Ballpark
94%
Waco Waco Ballpark
94%
Wichita Wichita Ballpark
94%
Worcester Worcester Ballpark
94%
Yonkers Yonkers Ballpark
94%
Anaheim Anaheim Ballpark
93%
Aurora Aurora Ballpark
93%
Bakersfield Bakersfield Ballpark
93%
Cleveland Cleveland Ballpark
93%
Columbia Columbia Ballpark
93%
Fort Wayne Fort Wayne Ballpark
93%
Greensboro Greensboro Ballpark
93%
Irvine Irvine Ballpark
93%
Laredo Laredo Ballpark
93%
Madison Madison Ballpark
93%
Mesa Mesa Ballpark
93%
Mobile Mobile Ballpark
93%
Modesto Modesto Ballpark
93%
New York Far
93%
Omaha Omaha Ballpark
93%
Riverside Riverside Ballpark
93%
Spokane Spokane Ballpark
93%
Stockton Stockton Ballpark
93%
St. Petersburg St. Petersburg Ballpark
93%
Arlington Arlington Ballpark
92%
Augusta Augusta Ballpark
92%
Fayetteville Fayetteville Ballpark
92%
Henderson Henderson Ballpark
92%
Jersey City Far
92%
Austin Far
91%
Miami Far
91%
Seattle Far
91%
Chicago Far
90%
Orlando Far
90%
Tampa Far
90%
Brownsville Brownsville Ballpark
89%
New Orleans Far
89%
Philadelphia Far
89%
Washington Far
89%
Atlanta Far
88%
Boston Far
88%
Los Angeles Far
88%
Nashville Far
88%
Newark Far
88%
Portland Far
88%
Oklahoma City Far
87%
Phoenix Far
87%
Dallas Far
86%
Houston Far
86%
Indianapolis Far
86%
Las Vegas Far
86%
Virginia Beach Far
86%
San Francisco Far
85%
New Haven Far
84%
Orlando Close
84%
Palm Bay Far
84%
Pittsburgh Far
84%
Providence Far
84%
Seattle Close
84%
Baltimore Far
83%
Boston Close
83%
Charlotte Far
83%
Columbus Far
83%
Jersey City Close
83%
New York Close
83%
Peoria Peoria Ballpark
83%
Albuquerque Far
82%
Baton Rouge Far
82%
Cleveland Far
82%
Denver Far
82%
New Orleans Close
82%
Salt Lake City Far
82%
San Antonio Far
82%
Washington Close
82%
Boise Far
81%
Cincinnati Far
81%
Detroit Far
81%
Minneapolis Far
81%
Oklahoma City Close
81%
Sacramento Far
81%
San Diego Far
81%
Yonkers Far
81%
Colorado Springs Far
80%
Kansas City Far
80%
Long Beach Far
80%
Montgomery Far
80%
Phoenix Close
80%
Raleigh Far
80%
Richmond Far
80%
Chicago Close
79%
Tampa Close
79%
Birmingham Far
78%
Buffalo Far
78%
Columbus Close
78%
Fort Worth Far
78%
Fresno Far
78%
Jacksonville Far
78%
Syracuse Far
78%
Baltimore Close
77%
Miami Close
77%
Nashville Close
77%
Indianapolis Close
76%
Milwaukee Far
76%
Newark Close
76%
Baton Rouge Close
75%
Knoxville Far
75%
Little Rock Far
75%
Memphis Far
75%
Oakland Far
75%
Providence Close
75%
San Francisco Close
75%
Savannah Far
75%
Tucson Far
75%
Los Angeles Close
74%
Philadelphia Close
74%
St. Louis Far
74%
Tallahassee Far
74%
Worcester Far
74%
Jackson Far
73%
Louisville Far
73%
Tulsa Far
73%
Virginia Beach Close
73%
Colorado Springs Close
72%
Saint Paul Far
72%
Bridgeport Far
71%
Des Moines Far
71%
Mobile Far
71%
New Haven Close
71%
New York Bullseye
71%
Denver Close
70%
Rochester Far
70%
San Diego Close
70%
Waco Far
70%
Akron Far
69%
Anaheim Far
69%
Austin Close
69%
Bakersfield Far
69%
Dayton Far
69%
Little Rock Close
69%
Madison Far
69%
Raleigh Close
69%
Richmond Close
69%
Detroit Close
68%
Lincoln Far
68%
Omaha Far
68%
St. Petersburg Far
68%
Wichita Far
68%
Chicago Bullseye
67%
Minneapolis Close
67%
Pittsburgh Close
67%
Arlington Far
66%
Augusta Far
66%
Cleveland Close
66%
Las Vegas Close
66%
Reno Far
66%
Chattanooga Far
65%
El Paso Far
65%
Palm Bay Close
65%
Providence Bullseye
65%
San Jose Far
65%
Santa Ana Far
65%
Charleston Far
64%
Durham Far
64%
Grand Rapids Far
64%
Mesa Far
64%
Milwaukee Close
64%
Montgomery Close
64%
Syracuse Close
64%
Toledo Far
64%
Des Moines Close
63%
Norfolk Far
63%
Atlanta Close
62%
Boise Close
62%
Greensboro Far
62%
Jacksonville Close
62%
Riverside Far
62%
Sacramento Close
62%
Spokane Far
62%
Albuquerque Close
61%
Boston Bullseye
61%
Corpus Christi Far
61%
Houston Close
61%
Kansas City Close
61%
Louisville Close
61%
Oakland Close
61%
Jackson Close
60%
Lexington Far
60%
Portland Close
60%
Saint Paul Close
60%
Cincinnati Close
59%
Savannah Close
59%
Charlotte Close
58%
Columbia Far
58%
Long Beach Close
58%
Madison Close
58%
Tallahassee Close
58%
Yonkers Close
58%
Birmingham Close
57%
Gainesville Far
57%
Indianapolis Bullseye
57%
Sioux Falls Far
57%
Bridgeport Close
56%
Irvine Far
56%
San Diego Bullseye
56%
Tulsa Close
56%
Wichita Close
56%
Worcester Close
56%
Dayton Close
55%
Fort Wayne Far
55%
Newark Bullseye
55%
New Haven Bullseye
55%
Salt Lake City Close
55%
Fresno Close
54%
Modesto Far
54%
St. Louis Close
54%
St. Petersburg Close
54%
Akron Close
53%
Baltimore Bullseye
53%
Columbus Bullseye
53%
Durham Close
53%
Grand Rapids Close
53%
Lubbock Far
53%
Plano Far
53%
Stockton Far
53%
Aurora Far
52%
Dallas Close
52%
Fort Worth Close
52%
Henderson Far
52%
Honolulu Close
52%
Memphis Close
52%
Mesa Close
52%
Washington Bullseye
52%
Buffalo Close
51%
Chattanooga Close
51%
Knoxville Close
51%
San Antonio Close
51%
San Jose Close
51%
Charleston Close
50%
Anaheim Close
49%
Cedar Rapids Far
49%
Chula Vista Far
49%
Columbia Close
49%
El Paso Close
49%
Lexington Close
49%
Little Rock Bullseye
49%
Miami Bullseye
49%
Oklahoma City Bullseye
49%
Mobile Close
48%
Philadelphia Bullseye
48%
Bakersfield Close
47%
Augusta Close
46%
Detroit Bullseye
46%
Norfolk Close
46%
Tucson Close
46%
Greensboro Close
45%
Seattle Bullseye
45%
Jersey City Bullseye
44%
Oakland Bullseye
44%
Omaha Close
44%
Tampa Bullseye
44%
Toledo Close
44%
Corpus Christi Close
43%
Fayetteville Far
43%
Lincoln Close
43%
Reno Close
43%
Santa Ana Close
42%
Amarillo Far
41%
Gainesville Close
41%
Orlando Bullseye
41%
Rochester Close
41%
Spokane Close
41%
Aurora Close
40%
Milwaukee Bullseye
40%
New Orleans Bullseye
40%
Riverside Close
40%
Waco Close
40%
Yonkers Bullseye
40%
Las Vegas Bullseye
39%
Worcester Bullseye
39%
Arlington Close
38%
Fort Wayne Close
38%
Los Angeles Bullseye
38%
Pittsburgh Bullseye
37%
Buffalo Bullseye
36%
Laredo Far
36%
Richmond Bullseye
36%
San Jose Bullseye
36%
Bridgeport Bullseye
35%
Cleveland Bullseye
35%
Des Moines Bullseye
35%
El Paso Bullseye
35%
Memphis Bullseye
35%
Irvine Close
34%
Phoenix Bullseye
34%
Cedar Rapids Close
33%
Mobile Bullseye
33%
St. Louis Bullseye
33%
Virginia Beach Bullseye
33%
Brownsville Far
32%
Peoria Far
32%
Sioux Falls Close
32%
Stockton Close
32%
Lubbock Close
31%
San Francisco Bullseye
31%
Charleston Bullseye
30%
Fayetteville Close
30%
Henderson Close
30%
Jacksonville Bullseye
30%
Long Beach Bullseye
30%
Montgomery Bullseye
30%
Raleigh Bullseye
30%
Chula Vista Close
29%
Columbia Bullseye
29%
Jackson Bullseye
29%
Minneapolis Bullseye
29%
St. Petersburg Bullseye
29%
Atlanta Bullseye
28%
Baton Rouge Bullseye
28%
Modesto Close
28%
Nashville Bullseye
28%
Houston Bullseye
27%
Kansas City Bullseye
27%
Syracuse Bullseye
27%
Anaheim Bullseye
26%
Cincinnati Bullseye
26%
Omaha Bullseye
26%
Sacramento Bullseye
26%
Tallahassee Bullseye
26%
Colorado Springs Bullseye
25%
Grand Rapids Bullseye
25%
Saint Paul Bullseye
25%
Savannah Bullseye
25%
Amarillo Close
23%
Brownsville Close
23%
Honolulu Bullseye
23%
Madison Bullseye
23%
Norfolk Bullseye
23%
Plano Close
23%
Charlotte Bullseye
22%
Mesa Bullseye
22%
Toledo Bullseye
22%
Birmingham Bullseye
21%
Chattanooga Bullseye
21%
Knoxville Bullseye
21%
Durham Bullseye
20%
Lexington Bullseye
20%
Louisville Bullseye
20%
Akron Bullseye
19%
Austin Bullseye
19%
Gainesville Bullseye
19%
Henderson Bullseye
19%
Laredo Close
19%
Peoria Close
19%
Tucson Bullseye
19%
Albuquerque Bullseye
18%
Lincoln Bullseye
18%
Portland Bullseye
18%
Corpus Christi Bullseye
17%
Dayton Bullseye
17%
Fresno Bullseye
17%
Irvine Bullseye
17%
Santa Ana Bullseye
17%
Tulsa Bullseye
17%
Brownsville Bullseye
16%
Chula Vista Bullseye
16%
Riverside Bullseye
16%
San Antonio Bullseye
16%
Spokane Bullseye
16%
Wichita Bullseye
16%
Palm Bay Bullseye
15%
Reno Bullseye
15%
Salt Lake City Bullseye
15%
Fort Worth Bullseye
14%
Rochester Bullseye
14%
Cedar Rapids Bullseye
13%
Denver Bullseye
13%
Fayetteville Bullseye
13%
Greensboro Bullseye
13%
Sioux Falls Bullseye
13%
Arlington Bullseye
12%
Augusta Bullseye
12%
Dallas Bullseye
12%
Stockton Bullseye
12%
Amarillo Bullseye
11%
Bakersfield Bullseye
11%
Fort Wayne Bullseye
11%
Boise Bullseye
10%
Lubbock Bullseye
10%
Waco Bullseye
10%
Aurora Bullseye
9%
Modesto Bullseye
9%
Laredo Bullseye
8%
Peoria Bullseye
6%
Plano Bullseye
6%
No matching quizzes found
Score Distribution
Percent of People with Each Score
Percentile by Number Answered
Your Score History
You have not taken this quiz